|
|
|
|
| LEADER |
01557nam a2200385 a 4500 |
| 001 |
EBC1120872 |
| 003 |
MiAaPQ |
| 005 |
20200520144314.0 |
| 006 |
m o d | |
| 007 |
cr cn||||||||| |
| 008 |
130226s2013 si a sb 001 0 eng d |
| 020 |
|
|
|z 9781118550342
|
| 020 |
|
|
|a 9781118550359 (electronic bk.)
|
| 035 |
|
|
|a (MiAaPQ)EBC1120872
|
| 035 |
|
|
|a (Au-PeEL)EBL1120872
|
| 035 |
|
|
|a (CaPaEBR)ebr10657638
|
| 035 |
|
|
|a (CaONFJC)MIL463093
|
| 035 |
|
|
|a (OCoLC)827207474
|
| 040 |
|
|
|a MiAaPQ
|c MiAaPQ
|d MiAaPQ
|
| 050 |
|
4 |
|a HD61
|b .W66 2013
|
| 100 |
1 |
|
|a Wong, Max C. Y.
|
| 245 |
1 |
0 |
|a Bubble value at risk
|h [electronic resource] :
|b a countercyclical risk management approach /
|c Max C.Y. Wong.
|
| 250 |
|
|
|a Rev. ed.
|
| 260 |
|
|
|a Singapore :
|b Wiley,
|c c2013.
|
| 300 |
|
|
|a xxi, 346, 8, 1 p. :
|b ill.
|
| 440 |
|
0 |
|a Wiley finance series
|
| 500 |
|
|
|a "First edition published by Immanuel Consulting Pte. Ltd. in 2011"--t.p. verso.
|
| 504 |
|
|
|a Includes bibliographical references and index.
|
| 505 |
0 |
|
|a pt. 1. Background -- pt. 2. Value at risk methodology -- pt. 3. The great regulatory reform -- pt. 4. Introduction to bubble value-at-risk (BuVaR).
|
| 533 |
|
|
|a Electronic reproduction. Ann Arbor, MI : ProQuest, 2016. Available via World Wide Web. Access may be limited to ProQuest affiliated libraries.
|
| 650 |
|
0 |
|a Risk management.
|
| 650 |
|
0 |
|a Business cycles.
|
| 655 |
|
4 |
|a Electronic books.
|
| 710 |
2 |
|
|a ProQuest (Firm)
|
| 856 |
4 |
0 |
|u https://ebookcentral.proquest.com/lib/matrademy/detail.action?docID=1120872
|z Click to View
|